000 00431nam a2200157 a 4500
005 20140412111417.0
008 070806s19uu xx 00 eng d
020 _a0-03-028033-8
050 _aTR(GS 507
_bA88 1989
100 _aAbruscato, Joseph
245 _aHolt Science 2 :
_bHealth and Science /
_cJoseph Abruscato.
260 _aU.S.A :
_bHolt Rinehart,
_c1989.
300 _a12
440 _aHolt Science
999 _c105898
_d105898